• 首页
  • 本馆介绍
  • 公告通知
  • 最新文献
  • 馆藏检索
  • 电子资源
  • 读者导购
  • 参考咨询
  • 我的图书馆
  • 登录
  • 详细信息显示
  • 放入我的书架
  • 预约/预借图书
  • 作者相关作品
  • 分类相关作品
  • 丛书相关作品
  • 出版社相关作品

书目信息

  • 表格格式
  • 工作单格式
  • 卡片格式
题名:
中华成语大辞典
    
 
作者: 李行健 , 刘松君 , 向光忠 主编
分册:  
出版信息: 长春   吉林文史出版社  1986
页数: 1960页
开本: 20cm
丛书名:
单 册:
中图分类: H136.3-61
科图分类:
主题词: 汉语--成语--词典
电子资源:
ISBN:
000 00714nam0 2200253 45
001 0186017062
005 20050428143610.8
010    @b精装@dCNY14.50
091    @aCN@b17437.6
100    @a19900809d1986 emky0chiy0121 ea
101 0  @achi
102    @aCN@b220000
105    @ay e 000yy
200 10 @a中华成语大辞典@Azhong hua cheng yu da ci dian@f向光忠等主编@FXiang Guang Zhong Deng Zhu Bian
210    @a长春@c吉林文史出版社@d1986
215    @a1960页@d20cm
606    @a汉语@x成语@x词典
690    @aH136.3-61@v3
701  0 @a李行健@4主编
701  0 @a刘松君@4主编
701  0 @a向光忠@4主编
801  0 @aCN@b深圳图书馆@c20050428
801  2 @aCN@bNLC@c20050428
905    @f1@b166828@dH136.3-61@e114
    
    中华成语大辞典/向光忠等主编.-长春:吉林文史出版社,1986
    1960页;20cm
    
    
    ISBN (精装):CNY14.50
    
●
相关链接 在E读中查询图书 在五车中查询图书 在当当中查询图书 在豆瓣中查询图书


正题名:中华成语大辞典     索取号:H136.3-61/114         预约/预借

序号 登录号 条形码 馆藏地/架位号 状态 备注
1 0166828   002036852   工具书阅览室/ [索取号:H136.3-61/114] 在馆    
2 0166829   001567192   第二样本阅览室/ [索取号:H136.3-61/114] 在馆    
唐山师范学院图书馆 欢迎您!
大连网信软件有限公司© 版权所有